Landmark to Country #1 - Statistics

General Stats
  • This quiz has been taken 46 times
  • The average score is 27 of 30
Answer Stats
Landmark Answer % Correct
4) Mt Fuji Japan
100%
1) Grand Canyon United States
100%
22) Fenway Park United States
100%
13) Great Sphinx Egypt
98%
11) Brandenburg Gate Germany
98%
8) Christ the Redeemer Brazil
95%
18) St Basils Cathedral Russia
95%
10) The Shard United Kingdom
95%
25) Big Ben United Kingdom
95%
9) CN Tower Canada
93%
5) Terracotta Warriors China
93%
17) Panama Canal Panama
93%
15) Machu Picchu Peru
93%
19) Chernobyl-Pripyat Ukraine
93%
23) Mont Saint Michel France
91%
27) Normandy beaches France
91%
12) Trevi Fountain Italy
91%
29) Shroud of Turin Italy
91%
24) Sagrada Familia Basilica Spain
91%
28) Matterhorn Switzerland
86%
2) Petronas Towers Malaysia
84%
16) Chichen Itza Mexico
84%
20) St Peters Basilica Vatican City
84%
26) Blarney Stone Ireland
82%
3) Petra Jordan
82%
21) Monte Carlo Monaco
82%
7) Moai statues of Easter Island Chile
80%
30) Hagia Sophia Turkey
80%
14) Table Mountain South Africa
61%
6) Q1 Tower Australia
50%
No matching quizzes found
Score Distribution
Percent of People with Each Score
Percentile by Number Answered
Your Score History
You have not taken this quiz